| 000 -LEADER | |
|---|---|
| fixed length control field | 01828nam a22002657a 4500 |
| 005 - DATE AND TIME OF LATEST TRANSACTION | |
| control field | 20250420134820.0 |
| 008 - FIXED-LENGTH DATA ELEMENTS--GENERAL INFORMATION | |
| fixed length control field | 210824b ||||| |||| 00| 0 eng d |
| 020 ## - INTERNATIONAL STANDARD BOOK NUMBER | |
| International Standard Book Number | 9781408255667 |
| 040 ## - CATALOGING SOURCE | |
| Original cataloging agency | KCST |
| Transcribing agency | KCST |
| 082 ## - DEWEY DECIMAL CLASSIFICATION NUMBER | |
| Classification number | 658.009 |
| Item number | Ro Ma |
| 100 ## - MAIN ENTRY--PERSONAL NAME | |
| Personal name | Robbins, Stephen P. |
| 9 (RLIN) | 5247 |
| 245 ## - TITLE STATEMENT | |
| Title | Management / |
| Remainder of title | Stephen P. Robbins, Mary Coulter, Yusuf Sidani, Dima Jamali |
| 250 ## - EDITION STATEMENT | |
| Edition statement | Arab world edition |
| Remainder of edition statement | Adapted edition |
| 260 ## - PUBLICATION, DISTRIBUTION, ETC. | |
| Place of publication, distribution, etc. | Harlow : |
| Name of publisher, distributor, etc. | Pearson Education, |
| Date of publication, distribution, etc. | 2011. |
| 300 ## - PHYSICAL DESCRIPTION | |
| Extent | 540 p. 1 v. |
| Dimensions | 28 cm. |
| 505 ## - FORMATTED CONTENTS NOTE | |
| Formatted contents note | Brief Contents Acknowledgements xiii Feature Matrix xiv Foreward xvii Preface xix Part 1 Welcome to the world of management Chapter 1 Introduction to management and organisations p2 Chapter 2 Management history p22 Chapter 3 Organisational culture and environment p42 Chapter 4 Managing in a global environment p70 Chapter 5 Social responsibility and managerial ethics p92 Part 2 Planning Chapter 6 Managers as decision-makers p126 Chapter 7 Foundations of planning p150 Chapter 8 Strategic management p168 Part 3 Organising Chapter 9 Organisational structure and design p96 Chapter 10 Managing human resources p218 Chapter 11 Managing teams p246 Chapter 12 Managing change and innovation p272 Part 4 Leading Chapter 13 Understanding individual behaviour p298 Chapter 14 Managers and communication p330 Chapter 15 Motivating employees p356 Chapter 16 Managers as leaders p386 Part 5 Controlling Chapter 17 Introduction to controlling p418 Chapter 18 Managing operations p444 Glossary 465 Endnotes 475 Index 529 Credits 539 |
| 650 ## - SUBJECT ADDED ENTRY--TOPICAL TERM | |
| Topical term or geographic name entry element | Management |
| Geographic subdivision | Arab countries. |
| 9 (RLIN) | 5248 |
| 650 ## - SUBJECT ADDED ENTRY--TOPICAL TERM | |
| Topical term or geographic name entry element | Executive ability |
| Geographic subdivision | Arab countries. |
| 9 (RLIN) | 5249 |
| 650 ## - SUBJECT ADDED ENTRY--TOPICAL TERM | |
| Topical term or geographic name entry element | Executive ability. |
| 9 (RLIN) | 783 |
| 700 ## - ADDED ENTRY--PERSONAL NAME | |
| Personal name | Coulter, Mary |
| 9 (RLIN) | 5250 |
| 700 ## - ADDED ENTRY--PERSONAL NAME | |
| Personal name | Sidani, Yusuf |
| 9 (RLIN) | 5251 |
| 700 ## - ADDED ENTRY--PERSONAL NAME | |
| Personal name | Jamali, Dima |
| 9 (RLIN) | 5252 |
| 942 ## - ADDED ENTRY ELEMENTS (KOHA) | |
| Koha item type | Book |
| 942 ## - ADDED ENTRY ELEMENTS (KOHA) | |
| Source of classification or shelving scheme | Dewey Decimal Classification |
| Withdrawn status | Lost status | Source of classification or shelving scheme | Damaged status | Not for loan | Home library | Current library | Date acquired | Source of acquisition | Cost, normal purchase price | Total checkouts | Full call number | Barcode | Date last seen | Price effective from | Koha item type |
|---|---|---|---|---|---|---|---|---|---|---|---|---|---|---|---|
| Dewey Decimal Classification | KCST Library | KCST Library | 24/08/2021 | Donated by TA Mr. Abdullah -English Dept. | 0.00 | 658.009 Ro Ma | 1000000770 | 24/08/2021 | 24/08/2021 | Book |